Formula One A-Z - Statistics

General Stats
  • This quiz has been taken 46 times
  • The average score is 19 of 26
Answer Stats
Hint Answer % Correct
A - country of opening race of this seaseon Australia
100%
M - track where Italian grand prix is held Monza
90%
O - last french grand prix winner Esteban Ocon
88%
I - track where Ayrton Senna and Roland Ratzenberger tragicaly died Imola
88%
P - tire supplier of F1 Pirelli
88%
L - current driver of Scuderia Ferarri Charles Leclerc
85%
C - former teammate of Mika Hakkinen in Mclaren David Coulthard
85%
F - first name of two time world champion from 2005 and 2006 Fernando
85%
U - country where 3 races are held USA
85%
Q - session of grand prix weekend where drivers are trying to get pole position Qualifying
83%
Z - home track of Max Verstappen Zandvoort
83%
G - 2020 Italian grand prix winner Pierre Gasly
80%
B - former Ferrari driver, long time he has the most race entered Rubens Barrichello
80%
Y - name the final track of this seaseon Yas Marina
80%
V - name of 1997 world champion Jacques Villeneuve
78%
J - name of team where Michael Schumacher start his career Jordan
75%
N - track where Niki Lauda has his crash Nurburgring
75%
R - F1 team which was create in 2005 Red Bull
73%
E -formula one track in Portugal Estoril
65%
S - 3x world champion of 1969, 1971 adn 1973 Jackie Stewart
63%
K - 2006 Canadian grand prix winner Robert Kubica
63%
H - name of mexican track Hermanos Rodriguez
58%
T - name of team where Ayrton Senna start his career Toleman
50%
D - british track, where Ayrton Senna set his incredible track lap record Donington Park
45%
X - last letter of this driver last name Jacky Ickx
43%
W - driver which holds a record of winning a race from 22th place John Watson
35%
No matching quizzes found
Score Distribution
Percent of People with Each Score
Percentile by Number Answered
Your Score History
You have not taken this quiz